Oasenfahrt nach Siwa, drei afrikanische kriegserlebnisse (Record no. 3480)
[ view plain ]
| 000 -LEADER | |
|---|---|
| fixed length control field | 00649cam a22002051 4500 |
| 001 - CONTROL NUMBER | |
| control field | af 47006282 |
| 003 - CONTROL NUMBER IDENTIFIER | |
| control field | DLC |
| 005 - DATE AND TIME OF LATEST TRANSACTION | |
| control field | 20260227110836.0 |
| 008 - FIXED-LENGTH DATA ELEMENTS--GENERAL INFORMATION | |
| fixed length control field | 900809s1944 gw ab 000 0 ger c |
| 010 ## - LIBRARY OF CONGRESS CONTROL NUMBER | |
| LC control number | af 47006282 |
| 035 ## - SYSTEM CONTROL NUMBER | |
| System control number | (OCoLC)22197926 |
| 040 ## - CATALOGING SOURCE | |
| Original cataloging agency | Hoover Library, Stanford Univ. |
| Transcribing agency | CSt-H |
| Modifying agency | DLC |
| 042 ## - AUTHENTICATION CODE | |
| Authentication code | premarc |
| 050 00 - LIBRARY OF CONGRESS CALL NUMBER | |
| Classification number | D811 |
| Item number | .W35 |
| 100 1# - MAIN ENTRY--PERSONAL NAME | |
| Personal name | Weber, Hans, |
| Titles and words associated with a name | Lieutenant. |
| 245 10 - TITLE STATEMENT | |
| Title | Oasenfahrt nach Siwa, drei afrikanische kriegserlebnisse |
| Statement of responsibility, etc. | von Leutnant D.R. Hans Weber. |
| 260 ## - PUBLICATION, DISTRIBUTION, ETC. | |
| Place of publication, distribution, etc. | Kaiserslautern, |
| Date of publication, distribution, etc. | 1944. |
| 300 ## - PHYSICAL DESCRIPTION | |
| Extent | 48 p. |
| Other physical details | illus. (incl. map) |
| Dimensions | 21 cm. |
| 650 #0 - SUBJECT ADDED ENTRY--TOPICAL TERM | |
| Topical term or geographic name entry element | World War, 1939-1945 |
| General subdivision | Personal narratives, German. |
No items available.